| 000 | 00578cam a22002171 4500 | ||
|---|---|---|---|
| 001 | sa 63003110 | ||
| 003 | DLC | ||
| 005 | 20260227111939.0 | ||
| 008 | 941012s1962 ii 000 0 beno | ||
| 010 | _asa 63003110 | ||
| 025 | _aPL480:I-B-325 | ||
| 035 | _a(OCoLC)31266265 | ||
| 040 |
_aDLC _cCU _dCU _dDLC |
||
| 050 | 0 | 0 |
_aDS486.B4 _bS2 |
| 100 | 1 |
_aSanyal, Diptendrakumar, _d1924- |
|
| 245 | 1 | 0 | _aBārddhakye Bārāṇasī. |
| 260 | _c[1962] | ||
| 300 |
_a221 p. _c23 cm. |
||
| 500 | _aIn Bengali. | ||
| 651 | 0 |
_aVārānasi (Uttar Pradesh, India) _xDescription and travel. |
|
| 999 |
_c54896 _d54896 |
||